000 00375nam a22001577a 4500
003 SGT
020 _a9788120328433
082 _a658,GOV
100 _aGOVINDARAJAN,M
245 _aPRINCIPLES OF MANAGEMENT
260 _aNEW DELHI
_bPHI
_c2005
300 _a188
650 _aMANAGEMENT
653 _aINTRODUCTION,PLANNING,ORGANIZING,STAFFING,DIRECTING
942 _2ddc
_cFCM
_01
999 _c8834
_d8834